Financial Markets Theory: (Record no. 36731)
[ view plain ]
| 000 -LEADER | |
|---|---|
| fixed length control field | 00503nam a22001697a 4500 |
| 005 - DATE AND TIME OF LATEST TRANSACTION | |
| control field | 20241031102649.0 |
| 008 - FIXED-LENGTH DATA ELEMENTS--GENERAL INFORMATION | |
| fixed length control field | 241031b |||||||| |||| 00| 0 eng d |
| 020 ## - INTERNATIONAL STANDARD BOOK NUMBER | |
| ISBN | 978-81-322-0234-9 |
| 082 ## - DEWEY DECIMAL CLASSIFICATION NUMBER | |
| Classification number | 332.0410 |
| Item number | BAR-F |
| 100 ## - MAIN ENTRY--AUTHOR | |
| Author Name | Barucci, Emilio |
| 245 ## - TITLE STATEMENT | |
| Title | Financial Markets Theory: |
| Remainder of title | Equilibrium, Efficiency and Information/ |
| Statement of responsibility, etc. | Emilio Barucci |
| 260 ## - PUBLICATION, DISTRIBUTION, ETC. | |
| Place of Publication | India; |
| Name of publisher, distributor, etc. | Springer; |
| Date of publication, distribution, etc. | 2011. |
| 300 ## - PHYSICAL DESCRIPTION | |
| Pages | xii, 467 p.; |
| 500 ## - GENERAL NOTE | |
| General note | Includes References. |
| 650 ## - SUBJECT ADDED ENTRY--TOPICAL TERM | |
| Subject / Department | Finance |
| 300 ## - PHYSICAL DESCRIPTION | |
| -- | ill.; |
| -- | 24 cm. |
| 952 ## - LOCATION AND ITEM INFORMATION (KOHA) | |
| -- | 0 |
| -- | 0 |
| Lost status | Damaged status | Collection code | Permanent Location | Current Location | Shelving Location | Date acquired | Full Call Number | Accession No./Barcode | Date last seen | item type | Koha item type |
|---|---|---|---|---|---|---|---|---|---|---|---|
| Economics/Commerce | Superior Information Resource Center (SIRC) Superior University - City Campus | Superior Information Resource Center (SIRC) Superior University - City Campus | Economics | 10/31/2024 | 332.0410 BAR-F 2011 | 20415 | 10/31/2024 | BOOK | BOOK |
